Microsoft SQL Server 2005 reporting services / (Record no. 5835)
[ view plain ]
| 000 -LEADER | |
|---|---|
| fixed length control field | 00790nac a22002291u 4500 |
| 010 ## - LIBRARY OF CONGRESS CONTROL NUMBER | |
| LC control number | 2005937212 |
| 020 ## - INTERNATIONAL STANDARD BOOK NUMBER | |
| International Standard Book Number | 0672327996 (pbk.) |
| 035 ## - SYSTEM CONTROL NUMBER | |
| System control number | (OCoLC)ocm67158883 |
| 082 ## - DEWEY DECIMAL CLASSIFICATION NUMBER | |
| Item number | 005.7585 |
| Classification number | LIS |
| 090 ## - LOCALLY ASSIGNED LC-TYPE CALL NUMBER (OCLC); LOCAL CALL NUMBER (OCLC) | |
| -- | 5835 |
| -- | 5835 |
| 100 ## - MAIN ENTRY--PERSONAL NAME | |
| Personal name | Lisin, Michael. |
| 245 10 - TITLE STATEMENT | |
| Title | Microsoft SQL Server 2005 reporting services / |
| Statement of responsibility, etc | Michael Lisin and Jim Joseph. |
| 260 ## - PUBLICATION, DISTRIBUTION, ETC. (IMPRINT) | |
| Place of publication, distribution, etc | Indianapolis : |
| Name of publisher, distributor, etc | Sams Publishing,2006 |
| Date of publication, distribution, etc | c2006. |
| 300 ## - PHYSICAL DESCRIPTION | |
| Extent | xii,459 p. : |
| Other physical details | ill. ; |
| Dimensions | 25 cm. |
| 500 ## - GENERAL NOTE | |
| General note | Includes index. |
| 500 ## - GENERAL NOTE | |
| General note | distributer: Al-Ahram |
| 511 ## - PARTICIPANT OR PERFORMER NOTE | |
| Participant or performer note | catalogued by: wessam |
| 650 #0 - SUBJECT ADDED ENTRY--TOPICAL TERM | |
| Topical term or geographic name as entry element | Client/server computing. |
| 700 1# - ADDED ENTRY--PERSONAL NAME | |
| Personal name | Joseph, Jim. |
| 856 41 - ELECTRONIC LOCATION AND ACCESS | |
| Materials specified | Table of contents only |
| Uniform Resource Identifier | <a href="http://www.loc.gov/catdir/toc/fy0711/2005937212.html">http://www.loc.gov/catdir/toc/fy0711/2005937212.html</a> |
| 942 ## - ADDED ENTRY ELEMENTS (KOHA) | |
| Item type | Book - Borrowing |
| Call number prefix | 005.7585LIS |
| Withdrawn status | Item status | Damaged status | Not for loan | Home library | Current library | Shelving location | Date acquired | Source of acquisition | Total Checkouts | Full call number | Barcode | Date last seen | Koha item type |
|---|---|---|---|---|---|---|---|---|---|---|---|---|---|
| Central Library | Central Library | Lower Floor | 06/11/2007 | Purchase | 005.7585LIS | 000007390 | 15/07/2025 | Book - Borrowing |